000 01161nam a2200229Ia 4500
001 19869
003 GE_BSU
008 181216s||||||||xx |||||||||||||| ||und||
040 _cGE_BSU
080 _a02
245 _aISBD (S) სერიული გამოცემების ბიბლიოგრაფიული აღწერილობის საერთაშორისო სტანდარტი
245 _cინგლ.თარგმ. ლალი სულაძემ და მარინა ზამბახიძემ
260 _aთბილისი
260 _bბიბლიოთეკების ავტომატიზაციის ასოციაცია საქართველოში
260 _c2000
300 _a91გვ.
541 _h4ლ.30თ.
653 _aISBD (S) სერიული გამოცემების ბიბლიოგრაფიული აღწერილობის საერთაშორისო სტანდარტი
653 _aბიბლიოთეკარი
653 _aქსეროქსი
942 _cBK
999 _c52839
_d52839